[Event "Gran Canaria Cabildo op"]
[Site "Gran Canaria"]
[Date "2019.03.19"]
[Round "3"]
[White "Diaz Medina, Angelo"]
[Black "Pujales Llanos, Jose Manuel"]
[Result "0-1"]
[WhiteElo "1580"]
[BlackElo "1846"]
[PlyCount "104"]
[EventDate "2019.03.12"]
[EventType "swiss"]
[EventRounds "7"]
[EventCountry "ESP"]
[SourceTitle "CBM 189 Extra"]
[Source "ChessBase"]
[SourceDate "2019.06.03"]
[SourceVersion "1"]
[SourceVersionDate "2019.06.03"]
[SourceQuality "1"]

1. e4 c5 2. Nf3 e6 3. d3 d5 4. Nbd2 Nc6 5. g3 Nf6 6. Bg2 Be7 7. 0-0 0-0 8. e5 Nd7 9. Re1 Qc7 10. Qe2 h6 11. Nf1 f6 12. Bf4 fxe5 13. Nxe5 Ndxe5 14. Bxe5 Nxe5 15. Qxe5 Qxe5 16. Rxe5 Bf6 17. Re2 Bxb2 18. Rb1 Bf6 19. Nd2 Rb8 20. Nb3 Bd4 21. Nxd4 cxd4 22. Rb4 Bd7 23. Rxd4 Rbd8 24. c4 dxc4 25. dxc4 Bc8 26. Red2 Rxd4 27. Rxd4 b6 28. Be4 Kf7 29. c5 bxc5 30. Rc4 Ba6 31. Ra4 Be2 32. Rxa7+ Kf6 33. Rc7 Ke5 34. Bb7 Kd4 35. f4 g5 36. Kf2 Bc4 37. Rd7+ Kc3 38. a4 gxf4 39. g4 Kb4 40. Bc6 Rc8 41. Rb7+ Ka5 42. Bd7 Rd8 43. Rc7 Kb4 44. Rb7+ Ka5 45. Rc7 Kb4 46. Rb7+ Kc3 47. Rc7 Kd4 48. a5 Ra8 49. a6 Rxa6 50. Bc8 Ra2+ 51. Kf3 Rxh2 52. Rd7+ Bd5+ 0-1

[Event "Gran Canaria Santana Memorial 6th"]
[Site "Gran Canaria"]
[Date "2018.12.04"]
[Round "7.10"]
[White "Pujales Llanos, Jose Manuel"]
[Black "Marrero Rodriguez, Jorge"]
[Result "1-0"]
[WhiteElo "1871"]
[BlackElo "1278"]
[PlyCount "75"]
[EventDate "2018.11.16"]
[EventType "swiss"]
[EventRounds "7"]
[EventCountry "ESP"]
[SourceTitle "EXT 2024"]
[Source "ChessBase"]
[SourceDate "2023.10.10"]
[SourceVersion "1"]
[SourceVersionDate "2023.10.10"]
[SourceQuality "1"]

1. Nf3 Nf6 2. c4 g6 3. b3 Bg7 4. Bb2 0-0 5. g3 d6 6. d4 Nbd7 7. Bg2 c6 8. 0-0 Qc7 9. Nc3 e5 10. d5 Nh5 11. e4 f5 12. exf5 gxf5 13. Nxe5 Nxe5 14. Qxh5 Rf6 15. dxc6 bxc6 16. Na4 Rh6 17. Qe8+ Bf8 18. Bxe5 Bb7 19. Bxd6 Rxd6 20. Qh5 Rf6 21. Qg5+ Bg7 22. Rad1 Raf8 23. Qd2 Qf7 24. Qd7 f4 25. Qxf7+ R6xf7 26. Nc5 Ba8 27. Ne6 f3 28. Bh3 Re8 29. Nxg7 Rxg7 30. Rfe1 Rge7 31. Rxe7 Rxe7 32. Rd8+ Kg7 33. Rxa8 Kg6 34. Bf1 Kf6 35. Rf8+ Rf7 36. Rxf7+ Kxf7 37. Bd3 h6 38. Be4 1-0

[Event "Gran Canaria Santana Memorial 6th"]
[Site "Gran Canaria"]
[Date "2018.11.16"]
[Round "1.8"]
[White "Pujales Llanos, Jose Manuel"]
[Black "Hernandez Guerra, Manuel Juan"]
[Result "1-0"]
[WhiteElo "1871"]
[BlackElo "1409"]
[PlyCount "47"]
[EventDate "2018.11.16"]
[EventType "swiss"]
[EventRounds "7"]
[EventCountry "ESP"]
[SourceTitle "EXT 2024"]
[Source "ChessBase"]
[SourceDate "2023.10.10"]
[SourceVersion "1"]
[SourceVersionDate "2023.10.10"]
[SourceQuality "1"]

1. Nf3 e6 2. c4 Nf6 3. g3 Be7 4. Bg2 0-0 5. 0-0 c5 6. Nc3 Nc6 7. d4 cxd4 8. Nxd4 Qb6 9. e3 a6 10. Na4 Qa7 11. b3 Rb8 12. Bb2 Rd8 13. Rc1 Bc5 14. Nxc6 bxc6 15. Bxf6 gxf6 16. Bxc6 Bb7 17. Bxb7 Rxb7 18. Nxc5 Qxc5 19. Qf3 Rbb8 20. Qxf6 a5 21. Rfd1 Qf5 22. Qxf5 exf5 23. Rd5 f4 24. Rxa5 1-0

[Event "Las Palmas Insular-chT Segunda 1718"]
[Site "Las Palmas"]
[Date "2018.01.20"]
[Round "6.1"]
[White "Guerrero Orihuela, Jose Luis"]
[Black "Pujales Llanos, Jose Manuel"]
[Result "1/2-1/2"]
[WhiteElo "1932"]
[BlackElo "1879"]
[PlyCount "42"]
[EventDate "2017.10.28"]
[EventType "team-swiss"]
[EventRounds "9"]
[EventCountry "ESP"]
[SourceTitle "EXT 2019"]
[Source "ChessBase"]
[SourceDate "2018.10.10"]
[SourceVersion "1"]
[SourceVersionDate "2018.10.10"]
[SourceQuality "1"]
[WhiteTeam "Hotel Avda de Canarias III"]
[BlackTeam "Fundacion La Caja de Canarias II"]
[WhiteTeamCountry "ESP"]
[BlackTeamCountry "ESP"]

1. d4 Nf6 2. c4 c5 3. d5 b5 4. cxb5 a6 5. bxa6 Bxa6 6. Nc3 d6 7. e4 Bxf1 8. Kxf1 Nbd7 9. Nf3 g6 10. g3 Bg7 11. Kg2 0-0 12. a4 Qb6 13. Qe2 Rfc8 14. Nd2 h5 15. Nc4 Qa6 16. Ra2 Nb6 17. b3 Ng4 18. Nb5 Ne5 19. Nxb6 Qxb6 20. f4 Nd7 21. Be3 Qa6 1/2-1/2

[Event "Gran Canaria Galdos op 1st"]
[Site "Gran Canaria"]
[Date "2016.05.03"]
[Round "4"]
[White "Guerrero Orihuela, Jose Luis"]
[Black "Pujales Llanos, Jose Manuel"]
[Result "0-1"]
[WhiteElo "1669"]
[BlackElo "1902"]
[PlyCount "64"]
[EventDate "2016.04.26"]
[EventType "swiss"]
[EventRounds "6"]
[EventCountry "ESP"]
[SourceTitle "CBM 172 Extra"]
[Source "ChessBase"]
[SourceDate "2016.06.21"]
[SourceVersion "1"]
[SourceVersionDate "2016.06.21"]
[SourceQuality "1"]

1. d4 Nf6 2. c4 c5 3. d5 b5 4. cxb5 a6 5. bxa6 Bxa6 6. Nc3 g6 7. e4 Bxf1 8. Kxf1 d6 9. g3 Bg7 10. Kg2 Qb6 11. Nf3 0-0 12. Rb1 Ng4 13. Qc2 Na6 14. a3 Rfb8 15. Na2 Nb4 16. Nxb4 cxb4 17. axb4 Rc8 18. Qe2 Qxb4 19. Bd2 Qb6 20. h3 Ne5 21. Nxe5 Bxe5 22. b4 Ra2 23. b5 Rcc2 24. Rhd1 Qd4 25. b6 Rxd2 26. b7 Qxf2+ 27. Kxf2 Rxe2+ 28. Kf3 Rf2+ 29. Ke3 Rfe2+ 30. Kd3 Reb2 31. g4 Ra3+ 32. Kc4 Rc3# 0-1

[Event "Las Palmas Insular-chT Pref-B"]
[Site "Las Palmas"]
[Date "2015.03.07"]
[Round "9.1"]
[White "Pujales Llanos, Jose Manuel"]
[Black "Mengibar Martinez, Manuel"]
[Result "1/2-1/2"]
[WhiteElo "1878"]
[BlackElo "1943"]
[PlyCount "143"]
[EventDate "2014.11.22"]
[EventType "team-tourn"]
[EventRounds "14"]
[EventCountry "ESP"]
[SourceTitle "EXT 2016"]
[Source "ChessBase"]
[SourceDate "2015.10.08"]
[SourceVersion "1"]
[SourceVersionDate "2015.10.08"]
[SourceQuality "1"]
[WhiteTeam "La Caja de Canarias II"]
[BlackTeam "Pulido San Mateo II"]
[WhiteTeamCountry "ESP"]
[BlackTeamCountry "ESP"]

1. Nf3 Nf6 2. c4 g6 3. b3 Bg7 4. Bb2 d6 5. d4 0-0 6. g3 Nbd7 7. Bg2 c6 8. 0-0 Qc7 9. Nc3 e5 10. e4 Re8 11. d5 Nc5 12. Qc2 cxd5 13. Nxd5 Nxd5 14. cxd5 Qb6 15. Nd2 f5 16. Rac1 fxe4 17. Nxe4 Nxe4 18. Bxe4 Bh6 19. Rcd1 Bh3 20. Bg2 Rac8 21. Qe4 Bf5 22. Qh4 Kg7 23. Bc1 Bxc1 24. Rxc1 Rc5 25. b4 Rc7 26. Bh3 Bxh3 27. Qxh3 Rf8 28. Rxc7+ Qxc7 29. Qe6 Rf6 30. Qe8 Qb6 31. a3 Rf7 32. Qe6 Rf6 33. Qe7+ Rf7 34. Qg5 Qd4 35. h4 h6 36. Qc1 Qxd5 37. Rd1 Qe6 38. Qe3 b6 39. Qe4 Rd7 40. Rd5 h5 41. Kg2 Qf5 42. Qe2 Kf6 43. f4 Ke6 44. Qc4 Ke7 45. a4 Qe6 46. a5 bxa5 47. bxa5 exf4 48. gxf4 Qg4+ 49. Kf1 Qxh4 50. Qe4+ Kf7 51. Rg5 Qh3+ 52. Kf2 Qe6 53. Qd3 Qf6 54. Qd5+ Ke7 55. Qe4+ Kf7 56. Qd5+ Kg7 57. Kg3 Rf7 58. Qe4 Re7 59. Qd3 Kh6 60. Rd5 Re6 61. a6 Qe7 62. Kf3 Qf6 63. f5 Re5 64. Rxe5 dxe5 65. Qe3+ g5 66. Qxa7 Qxf5+ 67. Ke2 Qe4+ 68. Kd2 Qd5+ 69. Ke2 Qc4+ 70. Ke1 Qc3+ 71. Ke2 Qc4+ 72. Ke1 1/2-1/2

[Event "Las Palmas Insular-chT Primera-B"]
[Site "Las Palmas"]
[Date "2014.02.01"]
[Round "8.1"]
[White "Meyer, Lars A"]
[Black "Pujales Llanos, Jose Manuel"]
[Result "1-0"]
[WhiteElo "2270"]
[BlackElo "1900"]
[PlyCount "119"]
[EventDate "2013.11.09"]
[EventType "team-tourn"]
[EventRounds "14"]
[EventCountry "ESP"]
[SourceTitle "EXT 2015"]
[Source "ChessBase"]
[SourceDate "2014.11.20"]
[SourceVersion "1"]
[SourceVersionDate "2014.11.20"]
[SourceQuality "1"]
[WhiteTeam "Maspalomas"]
[BlackTeam "La Caja de Canarias "]
[WhiteTeamCountry "ESP"]
[BlackTeamCountry "ESP"]

1. d4 Nf6 2. c4 c5 3. d5 b5 4. f3 bxc4 5. e4 d6 6. Bxc4 g6 7. Bd2 Bg7 8. Qa4+ Bd7 9. Qb3 Qc7 10. Ne2 0-0 11. Nbc3 a5 12. Nb5 Bxb5 13. Bxb5 Rc8 14. Rc1 Na6 15. Qa4 Ne8 16. Bxa5 Qa7 17. Bc3 Nec7 18. Bc6 Nb4 19. Qxa7 Rxa7 20. Bxb4 cxb4 21. 0-0 Na6 22. b3 Nc5 23. Rc2 Nd3 24. Rd1 Nb2 25. Rb1 Nd3 26. Rd1 Nb2 27. Rb1 Nd3 28. g3 g5 29. Kg2 h6 30. Rd1 Nb2 31. Rb1 Nd3 32. Rd1 Nb2 33. Rdd2 Rxa2 34. f4 Ra1 35. Rxb2 Bxb2 36. Rxb2 Rc7 37. Nd4 Rd1 38. Nf3 gxf4 39. gxf4 Ra7 40. e5 Raa1 41. exd6 exd6 42. Nh4 Rd4 43. Rf2 Rb1 44. Nf5 Rd3 45. Ba4 Rbd1 46. Bb5 R3d2 47. Bc4 h5 48. Nxd6 Rxf2+ 49. Kxf2 Rd2+ 50. Kg3 h4+ 51. Kxh4 Rxh2+ 52. Kg5 Rc2 53. Kf6 Rf2 54. f5 Rf4 55. Nb5 Kf8 56. d6 Rf2 57. Bxf7 Rd2 58. Nc7 Rxd6+ 59. Ne6+ Rxe6+ 60. Kxe6 1-0

[Event "Las Palmas Insular-chT Primera-B"]
[Site "Las Palmas"]
[Date "2014.01.25"]
[Round "7.1"]
[White "Ramirez Medina, Victor"]
[Black "Pujales Llanos, Jose Manuel"]
[Result "1-0"]
[WhiteElo "2011"]
[BlackElo "1900"]
[PlyCount "87"]
[EventDate "2013.11.09"]
[EventType "team-tourn"]
[EventRounds "14"]
[EventCountry "ESP"]
[SourceTitle "EXT 2015"]
[Source "ChessBase"]
[SourceDate "2014.11.20"]
[SourceVersion "1"]
[SourceVersionDate "2014.11.20"]
[SourceQuality "1"]
[WhiteTeam "La Caja de Vecindario"]
[BlackTeam "La Caja de Canarias "]
[WhiteTeamCountry "ESP"]
[BlackTeamCountry "ESP"]

1. e4 c5 2. Nf3 e6 3. d4 cxd4 4. Nxd4 Nf6 5. Nc3 Nc6 6. Ndb5 a6 7. Nd6+ Bxd6 8. Qxd6 Qe7 9. Qg3 Nh5 10. Qh3 g6 11. Bh6 d5 12. 0-0-0 d4 13. Ne2 e5 14. Qf3 f6 15. Ng3 Nxg3 16. hxg3 Be6 17. Kb1 Rc8 18. Bd2 b5 19. g4 b4 20. Rh6 Rf8 21. Bd3 Bg8 22. b3 a5 23. Bb5 Qc5 24. Ba4 Ke7 25. g5 f5 26. Be1 Na7 27. Qd3 fxe4 28. Qxe4 Rf4 29. Qd3 Nc6 30. f3 Qd5 31. Bg3 Rf5 32. Re1 Nd8 33. Qxf5 gxf5 34. Rxe5+ Qxe5 35. Bxe5 Ne6 36. Bb5 Rc5 37. Bf6+ Kf8 38. Bc4 Nf4 39. Bxd4 Rc8 40. Rf6+ Ke7 41. Bxg8 Rxg8 42. Rxf5 Nxg2 43. Rxa5 Ne1 44. Re5+ 1-0

[Event "Las Palmas Insular-chT Pref"]
[Site "Las Palmas"]
[Date "2013.03.02"]
[Round "11.4"]
[White "Pujales Llanos, Jose Manuel"]
[Black "Cruz Ramirez, Nauzet"]
[Result "1/2-1/2"]
[WhiteElo "1907"]
[BlackElo "1770"]
[PlyCount "53"]
[EventDate "2012.11.10"]
[EventType "team-tourn"]
[EventRounds "14"]
[EventCountry "ESP"]
[SourceTitle "EXT 2014"]
[Source "ChessBase"]
[SourceDate "2013.11.20"]
[SourceVersion "1"]
[SourceVersionDate "2013.11.20"]
[SourceQuality "1"]
[WhiteTeam "Canarias de Las Palmas"]
[BlackTeam "Canarias de Vecindario"]
[WhiteTeamCountry "ESP"]
[BlackTeamCountry "ESP"]

1. Nf3 Nf6 2. c4 c5 3. g3 b6 4. Bg2 Bb7 5. 0-0 e6 6. Nc3 Be7 7. d4 cxd4 8. Nxd4 Bxg2 9. Kxg2 0-0 10. e4 d6 11. Qf3 Na6 12. Nc6 Qd7 13. Nxe7+ Qxe7 14. Bg5 Rac8 15. b3 Nc5 16. Bxf6 gxf6 17. Rad1 a6 18. Rd3 Nxd3 19. Qxd3 Rfd8 20. f4 Rd7 21. f5 Rdc7 22. a4 Rc5 23. Rf4 Kh8 24. Qf3 Rf8 25. h4 e5 26. Rg4 h5 27. Rf4 1/2-1/2

[Event "Las Palmas Insular-chT Primera-B"]
[Site "Las Palmas"]
[Date "2013.02.02"]
[Round "8.1"]
[White "De la Hoz Sanchez, Ruben"]
[Black "Pujales Llanos, Jose Manuel"]
[Result "1-0"]
[WhiteElo "1975"]
[BlackElo "1907"]
[PlyCount "121"]
[EventDate "2012.11.10"]
[EventType "team-tourn"]
[EventRounds "14"]
[EventCountry "ESP"]
[SourceTitle "EXT 2014"]
[Source "ChessBase"]
[SourceDate "2013.11.20"]
[SourceVersion "1"]
[SourceVersionDate "2013.11.20"]
[SourceQuality "1"]
[WhiteTeam "Canarias de Vecindario "]
[BlackTeam "Canarias Las Palmas "]
[WhiteTeamCountry "ESP"]
[BlackTeamCountry "ESP"]

1. Nf3 Nf6 2. c4 g6 3. b3 Bg7 4. Bb2 0-0 5. Nc3 d5 6. Nxd5 Nxd5 7. Bxg7 Kxg7 8. cxd5 Qxd5 9. g3 c6 10. Bg2 Qh5 11. d4 Bh3 12. 0-0 Bxg2 13. Kxg2 Nd7 14. Rc1 Rad8 15. Qd2 e5 16. dxe5 Nxe5 17. Qb2 f6 18. Qa3 Nxf3 19. exf3 Rd3 20. Qe7+ Rf7 21. Qe2 Rfd7 22. Rfe1 Qd5 23. Rc4 Rd4 24. Rc3 Rd2 25. Qe8 Qf7 26. Rce3 Qxe8 27. Rxe8 Rf7 28. R1e2 Rxe2 29. Rxe2 Rd7 30. f4 Kf7 31. Kf3 a5 32. g4 Rd5 33. h4 h5 34. g5 f5 35. Kg3 b5 36. Kf3 Rd6 37. Re5 Rd3+ 38. Re3 Rd4 39. Rc3 Rd6 40. Rc5 Ke7 41. Ke3 Kd7 42. Rc3 Rd5 43. a3 Kd6 44. Kf3 c5 45. Re3 c4 46. bxc4 bxc4 47. Ke2 a4 48. Re8 Kc5 49. Ra8 Rd4 50. Rc8+ Kd5 51. Rd8+ Ke4 52. f3+ Kxf4 53. Rxd4+ Kg3 54. Rxc4 f4 55. Rxa4 Kxh4 56. Rxf4+ Kxg5 57. Rf8 Kh4 58. Kf2 g5 59. Kg2 g4 60. fxg4 Kxg4 61. a4 1-0

[Event "Las Palmas Insular-chT Primera-B"]
[Site "Las Palmas"]
[Date "2012.03.17"]
[Round "13.1"]
[White "Camino Carrio, Nicanor"]
[Black "Pujales Llanos, Jose Manuel"]
[Result "1/2-1/2"]
[WhiteElo "2064"]
[BlackElo "1899"]
[PlyCount "72"]
[EventDate "2011.11.12"]
[EventType "team-tourn"]
[EventRounds "14"]
[EventCountry "ESP"]
[SourceTitle "EXT 2013"]
[Source "ChessBase"]
[SourceDate "2012.11.22"]
[SourceVersion "1"]
[SourceVersionDate "2012.11.22"]
[SourceQuality "1"]
[WhiteTeam "Anand Iberia II"]
[BlackTeam "Canarias de Las Palmas"]
[WhiteTeamCountry "ESP"]
[BlackTeamCountry "ESP"]

1. e4 c5 2. Nf3 Nc6 3. Bb5 g6 4. Nc3 Bg7 5. Bxc6 dxc6 6. d3 Nf6 7. Be3 b6 8. Qd2 a5 9. Bh6 0-0 10. Bxg7 Kxg7 11. 0-0-0 Bg4 12. h3 Bxf3 13. gxf3 a4 14. Ne2 b5 15. h4 b4 16. Kb1 Qb6 17. h5 Nxh5 18. Ng3 Nxg3 19. Qh6+ Kf6 20. Qh4+ Ke6 21. fxg3 b3 22. cxb3 Rfb8 23. e5 Kd7 24. Qg4+ Kc7 25. Rxh7 axb3 26. a3 Rxa3 27. bxa3 b2 28. Rxf7 Qb3 29. Rxe7+ Kb6 30. Rd2 Rh8 31. Qh4 Rxh4 32. gxh4 Ka6 33. Re8 Ka7 34. Re7+ Ka6 35. f4 Qc3 36. Rxb2 Qxd3+ 1/2-1/2

[Event "Las Palmas Insular-chT Pref"]
[Site "Las Palmas"]
[Date "2012.02.25"]
[Round "10.4"]
[White "De la Hoz Sanchez, Ruben"]
[Black "Pujales Llanos, Jose Manuel"]
[Result "1-0"]
[WhiteElo "2008"]
[BlackElo "1899"]
[PlyCount "117"]
[EventDate "2011.11.12"]
[EventType "team-tourn"]
[EventRounds "14"]
[EventCountry "ESP"]
[SourceTitle "EXT 2013"]
[Source "ChessBase"]
[SourceDate "2012.11.22"]
[SourceVersion "1"]
[SourceVersionDate "2012.11.22"]
[SourceQuality "1"]
[WhiteTeam "Canarias Vecindario"]
[BlackTeam "Canarias de Las Palmas"]
[WhiteTeamCountry "ESP"]
[BlackTeamCountry "ESP"]

1. e4 c5 2. Nc3 Nc6 3. g3 b6 4. Bg2 Bb7 5. Nge2 e6 6. d3 h5 7. h4 Nh6 8. Bg5 Be7 9. Qd2 a6 10. Bf3 Ng4 11. Bxg4 hxg4 12. Bxe7 Qxe7 13. Qf4 0-0-0 14. Na4 d6 15. Nxb6+ Kc7 16. Nc4 g5 17. Qxg4 gxh4 18. 0-0-0 Rdg8 19. Qf4 hxg3 20. Rxh8 Rxh8 21. Qxg3 Rh5 22. Rg1 f6 23. f4 e5 24. Qg8 Rh7 25. Nc3 Nd4 26. Ne3 Qf7 27. Ned5+ Bxd5 28. Nxd5+ Kb7 29. Qxf7+ Rxf7 30. Kd1 exf4 31. Nxf4 f5 32. Ne2 Nxe2 33. Kxe2 fxe4 34. dxe4 Rh7 35. Rg6 Kc7 36. Kd3 Rh2 37. b3 Rf2 38. a4 Rf3+ 39. Kc4 Rf2 40. c3 Rd2 41. e5 Rd1 42. exd6+ Rxd6 43. Rg5 Rh6 44. Kxc5 Rc6+ 45. Kb4 Rb6+ 46. Kc4 Rc6+ 47. Rc5 Kb6 48. a5+ Kb7 49. Rxc6 Kxc6 50. b4 Kd6 51. b5 axb5+ 52. Kxb5 Kc7 53. Kc5 Kb7 54. Kd6 Ka6 55. c4 Kxa5 56. c5 Kb5 57. c6 Kb6 58. c7 Kb7 59. Kd7 1-0